Nőkről - nőnap előtt Most már könnyebb /

Elmentve itt :
Bibliográfiai részletek
Szerző: Halász Miklós
Dokumentumtípus: Cikk
Megjelent: 1977-03-01
Sorozat:Délmagyarország 67 No. 50
Kulcsszavak:Felszabadulás Tsz.
Online Access:http://dmarchiv.bibl.u-szeged.hu/108231
LEADER 00475nab a2200157 i 4500
001 delm108231
005 20190530102248.0
008 190530s1977 hu o 0|| hun d
040 |a SZTE Délmagyarország Archívum  |b hun 
041 |a hun 
100 1 |a Halász Miklós 
245 1 0 |a Nőkről - nőnap előtt   |h [elektronikus dokumentum] :  |b Most már könnyebb /  |c  Halász Miklós 
260 |c 1977-03-01 
300 |a 3 
490 0 |a Délmagyarország  |v 67 No. 50 
695 |a Felszabadulás Tsz.